Zgadnij klub z Polski po przydomku #2 - Statystyki

Ogólne statystyki
  • Ten quiz został rozwiązany 30 razy
  • Średni wynik to 8 z 20
Statystyki odpowiedzi
Przydomek Klub % Poprawnych
Biało-Niebiescy Pogoń Siedlce
84%
Nafciarze Wisła Płock
76%
Czarne Koszule Polonia Warszawa
72%
Warciarze Warta Poznań
68%
Miedziowi Zagłębie Lubin
68%
Zniczowcy Znicz Pruszków
68%
Rycerze Koziego Grodu Motor Lublin
64%
Widelce Stal Mielec
52%
Stalówka Stal Stalowa Wola
52%
Żubry Puszcza Niepołomice
48%
Duma Lubelszczyzny Górnik Łęczna
32%
Górale Podbeskidzie Bielsko-Biała
32%
Warchoły Radomiak Radom
32%
Chagiery Chrobry Głogów
16%
Koguty Piast Gliwice
16%
Żurawie Stal Rzeszów
12%
Duma Powiśla Wisła Puławy
8%
Pogoniści Pogoń Grodzisk Mazowiecki
4%
Maltańscy Wojownicy Resovia Rzeszów
4%
Chluba Grodu Tura Chojniczanka Chojnice
0%
Nie znaleziono quizów pasujących do podanych kryteriów
Rozkład punktacji
Procent ludzi z każdym wynikiem
Percentyl według liczby udzielonych odpowiedzi
Twoja historia wyników
Nie rozwiązałeś tego quizu